[Event "Belt and Road Hunan Op A"]
[Site "Changsha CHN"]
[Date "2019.08.05"]
[Round "8.7"]
[White "Naiditsch, Arkadij"]
[Black "Zhao, Jun"]
[Result "1/2-1/2"]
[WhiteTitle "GM"]
[BlackTitle "GM"]
[WhiteElo "2681"]
[BlackElo "2636"]
[WhiteFideId "4650891"]
[BlackFideId "8602522"]
[EventDate "2019.07.29"]

1. e4 e5 2. Nf3 Nf6 3. Nc3 Nc6 4. Bb5 Bb4 5. O-O O-O 6. d3 Bxc3 7. bxc3 d6 8.
Bg5 Bd7 9. Rb1 h6 10. Bh4 a6 11. Ba4 Rb8 12. Re1 Re8 13. h3 Ne7 14. Bxd7 Nxd7
15. d4 Qc8 16. Bxe7 Rxe7 17. Nh4 Nf6 18. Nf5 Re8 19. Qf3 Kh7 20. g4 Ng8 21. Ne3
Qe6 22. Nd5 Rec8 23. Qd3 Qe8 24. Qg3 c6 25. Nb6 Rd8 26. f4 Nf6 27. fxe5 dxe5 28.
Nc4 Nd7 29. Nd6 Qe7 30. Nxb7 Rdc8 31. Qd3 Rc7 32. Na5 Rxb1 33. Rxb1 Nc5 34. Qf3
exd4 35. cxd4 Qxe4 36. Qxe4+ Nxe4 37. Rb6 c5 38. d5 c4 39. Rxa6 Rc5 40. Kg2 c3
41. Kf3 Ng5+ 42. Ke3 Rxd5 43. h4 Ne6 44. Nb3 g5 45. hxg5 Rxg5 46. Ra4 h5 47.
gxh5 Rxh5 48. Rc4 Rh3+ 49. Ke4 Kg6 50. Kd5 Kf6 51. a4 Ke7 52. a5 Kd7 53. Ke5
Re3+ 54. Kf5 Rf3+ 55. Kg4 Rf2 56. Rxc3 Rf4+ 57. Kg3 Ra4 58. Rf3 Ke7 59. Rf1 Rc4
60. Rc1 Nc5 61. Re1+ Kd6 62. Rd1+ Kc7 63. Nxc5 1/2-1/2

[Event "Belt and Road Hunan Op A"]
[Site "Changsha CHN"]
[Date "2019.08.05"]
[Round "8.9"]
[White "Lupulescu, Constantin"]
[Black "Megaranto, Susanto"]
[Result "1/2-1/2"]
[WhiteTitle "GM"]
[BlackTitle "GM"]
[WhiteElo "2649"]
[BlackElo "2545"]
[WhiteFideId "1207822"]
[BlackFideId "7101384"]
[EventDate "2019.07.29"]

1. e4 c6 2. d4 d5 3. exd5 cxd5 4. Nf3 Bg4 5. h3 Bxf3 6. Qxf3 Nc6 7. c3 g6 8. Bd3
e6 9. O-O Bh6 10. Na3 Bxc1 11. Raxc1 Nf6 12. Rce1 O-O 13. Re2 Rb8 14. Rfe1 Kg7
15. Qf4 Nh5 16. Qd2 Qc7 17. Re3 a6 18. Nc2 Rfe8 19. Rf3 e5 20. dxe5 Nxe5 21.
Rfe3 Nf6 22. R1e2 Nc6 23. Rxe8 Rxe8 24. Rxe8 Nxe8 25. Be2 Qb6 26. b4 Nf6 27. Bf3
Ne7 28. Ne3 a5 29. a3 axb4 30. axb4 Qe6 31. Qd3 h5 32. h4 Qe5 33. g3 b6 34. Kg2
Kf8 35. c4 d4 36. Nc2 Nf5 37. Qd2 Kg7 38. Ne1 Qe6 39. Qe2 Qc8 40. Nc2 1/2-1/2

[Event "Belt and Road Hunan Op A"]
[Site "Changsha CHN"]
[Date "2019.08.05"]
[Round "8.10"]
[White "Deac, Bogdan-Daniel"]
[Black "Li, Di"]
[Result "1/2-1/2"]
[WhiteTitle "GM"]
[BlackTitle "GM"]
[WhiteElo "2621"]
[BlackElo "2523"]
[WhiteFideId "1226380"]
[BlackFideId "8607508"]
[EventDate "2019.07.29"]

1. e4 e5 2. Nf3 Nf6 3. Nxe5 d6 4. Nd3 Nxe4 5. Qe2 Qe7 6. Nf4 Nc6 7. c3 Nf6 8. d4
Qxe2+ 9. Bxe2 d5 10. f3 Nd8 11. g4 Ne6 12. h4 Bd6 13. Nxe6 Bxe6 14. h5 h6 15.
Na3 a6 16. Nc2 O-O-O 17. Bd3 Ng8 18. Bd2 Bg3+ 19. Ke2 Bd6 20. Rag1 Ne7 21. Ne3
Rde8 22. Ng2 Bd7 23. Kd1 Ba4+ 24. b3 Bb5 25. Bc2 c5 26. Ne3 cxd4 27. cxd4 Ba3
28. Rg2 Kb8 29. Bb1 Rc8 30. Re1 Ka7 31. Nf5 Nxf5 32. gxf5 Rhe8 33. f6 gxf6 34.
Bf5 Rxe1+ 35. Kxe1 Re8+ 36. Kf2 Re2+ 37. Kg1 Rxg2+ 38. Kxg2 Bf8 39. a4 Be8 40.
Ba5 b6 41. Bd2 Kb7 42. Bf4 b5 43. Bc2 Bd7 44. Kf2 Kb6 45. Ke2 Bh3 46. Bd3 Bd7
47. Bc2 Bh3 48. axb5 axb5 49. Kf2 Kc6 50. Bd3 Bc8 51. Ke2 Bd7 52. Kf2 1/2-1/2

[Event "Belt and Road Hunan Op A"]
[Site "Changsha CHN"]
[Date "2019.08.05"]
[Round "8.11"]
[White "Narayanan, S.L."]
[Black "Chu, Wei Chao"]
[Result "1-0"]
[WhiteTitle "GM"]
[BlackTitle "IM"]
[WhiteElo "2616"]
[BlackElo "2406"]
[WhiteFideId "5058422"]
[BlackFideId "8605661"]
[EventDate "2019.07.29"]

1. e4 c5 2. Nf3 d6 3. d4 cxd4 4. Nxd4 Nf6 5. Nc3 a6 6. Be2 e6 7. f4 Be7 8. Be3
Qc7 9. g4 b5 10. g5 Nfd7 11. a3 Nc5 12. f5 O-O 13. f6 gxf6 14. Nf5 fxg5 15. Rg1
f6 16. Nxe7+ Qxe7 17. h4 h6 18. Qd2 Rf7 19. hxg5 hxg5 20. O-O-O Nbd7 21. Bxg5
fxg5 22. Rxg5+ Kf8 23. Rh1 Ke8 24. Bh5 Nf6 25. Bxf7+ Kxf7 26. e5 1-0

[Event "Belt and Road Hunan Op A"]
[Site "Changsha CHN"]
[Date "2019.08.05"]
[Round "8.12"]
[White "Batchuluun, Tsegmed"]
[Black "Zhou, Jianchao"]
[Result "0-1"]
[WhiteTitle "GM"]
[BlackTitle "GM"]
[WhiteElo "2535"]
[BlackElo "2608"]
[WhiteFideId "4900847"]
[BlackFideId "8603537"]
[EventDate "2019.07.29"]

1. d4 Nf6 2. c4 g6 3. Nc3 Bg7 4. e4 d6 5. f3 O-O 6. Be3 a6 7. Qd2 c6 8. Bd3 b5
9. Nge2 Nbd7 10. O-O e5 11. b3 exd4 12. Nxd4 Ne5 13. Be2 c5 14. Nc2 bxc4 15.
bxc4 Be6 16. Nd5 Nxd5 17. exd5 Bd7 18. Rab1 Rb8 19. h3 Rxb1 20. Rxb1 Bf5 21. f4
Bxc2 22. Qxc2 Nd7 23. Bf2 Bd4 24. Bg4 Bxf2+ 25. Qxf2 Nf6 26. Bf3 Re8 27. Qb2 Qe7
28. Qc3 Qd8 29. Qb2 h5 30. Qa3 Ne4 31. Bxe4 Rxe4 32. Qxa6 Re2 33. Qa3 Qf6 34.
Qd3 Rxa2 35. Qe4 Rd2 36. Rf1 Rd4 37. Qe8+ Kg7 38. f5 gxf5 39. Qe2 Kg6 40. Qe8
Rxc4 41. Qg8+ Kh6 42. Kh1 Rd4 43. Re1 Rxd5 44. Qf8+ Kg6 45. Qg8+ Qg7 46. Qd8 Kh7
47. Qc8 Qf6 48. Qf8 f4 49. Re7 Rf5 50. Rd7 f3 51. Rxd6 fxg2+ 52. Kh2 g1=Q+ 0-1

[Event "Belt and Road Hunan Op A"]
[Site "Changsha CHN"]
[Date "2019.08.05"]
[Round "8.13"]
[White "Lagno, Kateryna"]
[Black "Oleksiyenko, Mykhaylo"]
[Result "1/2-1/2"]
[WhiteTitle "GM"]
[BlackTitle "GM"]
[WhiteElo "2549"]
[BlackElo "2600"]
[WhiteFideId "14109336"]
[BlackFideId "4152417"]
[EventDate "2019.07.29"]

1. e4 c6 2. d4 d5 3. Nd2 dxe4 4. Nxe4 Nf6 5. Nxf6+ exf6 6. Bc4 Bd6 7. Qe2+ Qe7
8. Qxe7+ Kxe7 9. Bd3 Na6 10. c3 Nc7 11. Ne2 Bg4 12. Ng3 Rhe8 13. O-O Kd7 14. h3
Be6 15. Nh5 Rg8 16. c4 f5 17. Bd2 Rad8 18. Bc3 Kc8 19. Rfd1 Ne8 20. d5 cxd5 21.
cxd5 Bd7 22. Re1 g6 23. Nf6 Nxf6 24. Bxf6 Rde8 25. Kf1 a6 26. Rac1+ Kb8 27. Bd4
Rxe1+ 28. Rxe1 1/2-1/2

[Event "Belt and Road Hunan Op A"]
[Site "Changsha CHN"]
[Date "2019.08.05"]
[Round "8.14"]
[White "Khademalsharieh, Sarasadat"]
[Black "Ju, Wenjun"]
[Result "1/2-1/2"]
[WhiteTitle "IM"]
[BlackTitle "GM"]
[WhiteElo "2481"]
[BlackElo "2595"]
[WhiteFideId "12512214"]
[BlackFideId "8603006"]
[EventDate "2019.07.29"]

1. d4 Nf6 2. c4 e6 3. Nf3 d5 4. Nc3 Bb4 5. Bg5 h6 6. Bxf6 Qxf6 7. Qb3 c5 8. cxd5
exd5 9. a3 Bxc3+ 10. Qxc3 b6 11. e3 O-O 12. dxc5 Qxc3+ 13. bxc3 bxc5 14. c4 Be6
15. Rc1 dxc4 16. Ne5 Nd7 17. Nxd7 Bxd7 18. Bxc4 Rab8 19. Kd2 Rfc8 20. Kc3 Kf8 1/2-1/2

[Event "Belt and Road Hunan Op A"]
[Site "Changsha CHN"]
[Date "2019.08.05"]
[Round "8.15"]
[White "Wen, Yang"]
[Black "Bilguun, Sumiya"]
[Result "1-0"]
[WhiteTitle "GM"]
[BlackTitle "IM"]
[WhiteElo "2586"]
[BlackElo "2482"]
[WhiteFideId "8602956"]
[BlackFideId "4901541"]
[EventDate "2019.07.29"]

1. e4 c5 2. Nf3 e6 3. d4 cxd4 4. Nxd4 a6 5. g3 Nf6 6. Bg2 d6 7. O-O Be7 8. c4
O-O 9. Nc3 Qc7 10. Be3 Bd7 11. Rc1 Qd8 12. Qe2 Nc6 13. Nb3 Ne5 14. f4 Nc6 15.
Rfd1 e5 16. Nd5 Be6 17. Bb6 Qd7 18. Nxf6+ Bxf6 19. f5 Bxf5 20. exf5 Qxf5 21.
Rxd6 Be7 22. Rdd1 Bg5 23. Rc3 Nd4 24. Nxd4 exd4 25. Bxd4 Rad8 26. Bd5 1-0

[Event "Belt and Road Hunan Op A"]
[Site "Changsha CHN"]
[Date "2019.08.05"]
[Round "8.16"]
[White "Peng, Xiongjian"]
[Black "Xu, Xiangyu"]
[Result "1/2-1/2"]
[BlackTitle "GM"]
[WhiteElo "2467"]
[BlackElo "2585"]
[WhiteFideId "8610550"]
[BlackFideId "8608288"]
[EventDate "2019.07.29"]

1. e4 c5 2. Nf3 Nc6 3. d4 cxd4 4. Nxd4 e5 5. Nb5 a6 6. Nd6+ Bxd6 7. Qxd6 Qe7 8.
Qd1 Nf6 9. Nc3 d6 10. Bc4 Be6 11. Bb3 h6 12. O-O O-O 13. Be3 Na5 14. Qd3 Nxb3
15. axb3 Rac8 16. Rfd1 Rc6 17. f3 Rd8 18. Nd5 Bxd5 19. exd5 Rcc8 20. c4 e4 21.
fxe4 Qxe4 1/2-1/2

[Event "Belt and Road Hunan Op A"]
[Site "Changsha CHN"]
[Date "2019.08.05"]
[Round "8.17"]
[White "Xu, Yinglun"]
[Black "Yu, Ruiyuan"]
[Result "1/2-1/2"]
[WhiteTitle "GM"]
[BlackTitle "GM"]
[WhiteElo "2562"]
[BlackElo "2464"]
[WhiteFideId "8604940"]
[BlackFideId "8603090"]
[EventDate "2019.07.29"]

1. c4 c6 2. Nf3 d5 3. e3 Nf6 4. Nc3 g6 5. d4 Bg7 6. Be2 O-O 7. O-O Bg4 8. cxd5
cxd5 9. Qb3 b6 10. h3 Bc8 11. Bd2 Nc6 12. Rfc1 Bb7 13. Rc2 Ne4 14. Be1 Nxc3 15.
Bxc3 Qd6 16. Rac1 Rfc8 17. Bd2 e6 18. Bb5 Ne7 19. Bb4 Qd8 20. Qa3 Bf8 21. Ba6
Rxc2 22. Rxc2 Rc8 23. Rxc8 Bxc8 24. Ne5 f6 25. Nf3 1/2-1/2

[Event "Belt and Road Hunan Op A"]
[Site "Changsha CHN"]
[Date "2019.08.05"]
[Round "8.18"]
[White "Najer, Evgeniy"]
[Black "Dai, Changren"]
[Result "1-0"]
[WhiteTitle "GM"]
[BlackTitle "IM"]
[WhiteElo "2678"]
[BlackElo "2510"]
[WhiteFideId "4118987"]
[BlackFideId "8608156"]
[EventDate "2019.07.29"]

1. d4 d5 2. c4 e6 3. Nc3 Be7 4. cxd5 exd5 5. Bf4 c6 6. Qc2 g6 7. e3 Bf5 8. Qd2
Nf6 9. f3 Nbd7 10. g4 Be6 11. Bd3 Nb6 12. b3 Ba3 13. Nge2 Qe7 14. O-O h6 15. h3
Nfd7 16. Kg2 Bd6 17. e4 O-O-O 18. Bxd6 Qxd6 19. e5 Qe7 20. f4 f5 21. gxf5 gxf5
22. Kh2 Kb8 23. Nd1 Qf7 24. Ne3 Nc8 25. Rg1 Ne7 26. Rac1 Ng6 27. Qe1 Rhg8 28.
Qf2 Rc8 29. Ng3 Nh4 30. b4 Nb6 31. Be2 Nd7 32. Nh5 Ng6 33. Rg3 Ne7 34. Rcg1 Rg6
35. Rxg6 Nxg6 36. Ng3 Ne7 37. Qf3 Ng6 38. Bd1 Qf8 39. a3 Nb6 40. Nh5 Ne7 41. Ng7
Bg8 42. Bc2 Nc4 43. Nexf5 Nxf5 44. Bxf5 Rc7 45. Ne6 Qxf5 46. Rxg8+ Rc8 47. Qg4
Ne3 48. Qxf5 Nxf5 49. Rg6 1-0

[Event "Belt and Road Hunan Op A"]
[Site "Changsha CHN"]
[Date "2019.08.05"]
[Round "8.19"]
[White "Radovanovic, Mihajlo"]
[Black "Motylev, Alexander"]
[Result "1-0"]
[WhiteTitle "IM"]
[BlackTitle "GM"]
[WhiteElo "2500"]
[BlackElo "2654"]
[WhiteFideId "940313"]
[BlackFideId "4121830"]
[EventDate "2019.07.29"]

1. d4 Nf6 2. c4 e6 3. Nf3 d5 4. Nc3 Bb4 5. Bg5 h6 6. Bxf6 Qxf6 7. Qa4+ Nc6 8. e3
O-O 9. Be2 Bd7 10. Qb3 dxc4 11. Qxc4 Qe7 12. O-O Na5 13. Qxc7 Rfc8 14. Qe5 Bxc3
15. bxc3 Qa3 16. Nd2 Qxc3 17. Ne4 Qc7 18. Nd6 f6 19. Qg3 Rd8 20. e4 Ba4 21. e5
Nc6 22. Qg4 fxe5 23. Qxe6+ Kf8 24. Qf5+ Ke7 25. Qf7+ 1-0

[Event "Belt and Road Hunan Op A"]
[Site "Changsha CHN"]
[Date "2019.08.05"]
[Round "8.20"]
[White "Gusain, Himal"]
[Black "Lu, Shanglei"]
[Result "1/2-1/2"]
[WhiteTitle "IM"]
[BlackTitle "GM"]
[WhiteElo "2407"]
[BlackElo "2619"]
[WhiteFideId "5033861"]
[BlackFideId "8603332"]
[EventDate "2019.07.29"]

1. Nf3 Nf6 2. c4 e6 3. e3 d5 4. b3 Be7 5. Bb2 O-O 6. Nc3 c5 7. cxd5 Nxd5 8. h4
Nxc3 9. dxc3 Qxd1+ 10. Rxd1 b6 11. g4 Bb7 12. Be2 Bc6 13. Rg1 Nd7 14. g5 b5 15.
c4 b4 16. Nh2 Rfd8 17. Ng4 a5 18. f4 a4 19. Rd2 Be4 20. Bd3 Bxd3 21. Rxd3 Kf8
22. h5 axb3 23. axb3 f5 24. gxf6 Nxf6 25. Rxd8+ Bxd8 26. h6 Ra2 27. Be5 Nh5 28.
hxg7+ Nxg7 29. Nh6 Nf5 30. Rg8+ Ke7 31. Nxf5+ exf5 32. Rg7+ Ke6 33. Rxh7 Ra3 34.
Rh6+ Kf7 35. Rh8 Be7 36. Rh7+ Ke6 37. Rh6+ Kf7 38. e4 fxe4 39. f5 Rxb3 40. Rh7+
Ke8 41. Rh8+ Kf7 42. Rh7+ 1/2-1/2

[Event "Belt and Road Hunan Op A"]
[Site "Changsha CHN"]
[Date "2019.08.05"]
[Round "8.21"]
[White "Yeoh, Li Tian"]
[Black "Chen, Qi b"]
[Result "1-0"]
[WhiteTitle "IM"]
[BlackTitle "IM"]
[WhiteElo "2528"]
[BlackElo "2414"]
[WhiteFideId "5702895"]
[BlackFideId "8614733"]
[EventDate "2019.07.29"]

1. e4 c5 2. Nc3 d6 3. d4 cxd4 4. Qxd4 Nf6 5. b3 e5 6. Qd2 Be7 7. Bb2 O-O 8.
O-O-O Be6 9. f4 exf4 10. Nge2 Nc6 11. Nxf4 a6 12. Kb1 Ne5 13. h3 Rc8 14. g4 Nfd7
15. Bg2 Nb6 16. Ncd5 Bxd5 17. Nxd5 Nxd5 18. exd5 Bg5 19. Qb4 Qc7 20. Be4 Bf6 21.
Bf5 Rcd8 22. h4 g6 23. g5 Bg7 24. Bh3 Rfe8 25. Qf4 b5 26. Bg2 a5 27. h5 a4 28.
Rh3 Rc8 29. Qd2 Qb6 30. Bd4 Qa6 31. hxg6 hxg6 32. Rdh1 axb3 33. cxb3 Rc7 34. Be4
Rec8 35. Bb2 Qa7 36. Qf4 Ra8 37. a3 f5 38. gxf6 Rf8 39. Bxg6 Rxf6 40. Bh7+ Kf7
41. Bf5 Kf8 42. Qg5 Rcf7 43. Be6 Qf2 44. Bxf7 Nxf7 45. Qc1 Ne5 46. Rc3 Qf5+ 47.
Ka2 Ke8 1-0

[Event "Belt and Road Hunan Op A"]
[Site "Changsha CHN"]
[Date "2019.08.05"]
[Round "8.22"]
[White "Liu, Yan"]
[Black "Wang, Chen"]
[Result "1/2-1/2"]
[WhiteTitle "GM"]
[BlackTitle "IM"]
[WhiteElo "2516"]
[BlackElo "2476"]
[WhiteFideId "8608962"]
[BlackFideId "8601020"]
[EventDate "2019.07.29"]

1. e4 Nf6 2. e5 Nd5 3. d4 d6 4. Nf3 g6 5. Bc4 Nb6 6. Bb3 Bg7 7. a4 dxe5 8. a5
Nd5 9. dxe5 c6 10. Nc3 Nxc3 11. Qxd8+ Kxd8 12. bxc3 Nd7 13. Bf4 Ke8 14. O-O Nc5
15. h3 Nxb3 16. cxb3 Be6 17. b4 Bd5 18. Rad1 Bxf3 19. gxf3 Rd8 20. Rfe1 a6 21.
Kf1 Rd7 22. Ke2 Kd8 23. Ke3 Kc8 24. Ke4 1/2-1/2

[Event "Belt and Road Hunan Op A"]
[Site "Changsha CHN"]
[Date "2019.08.05"]
[Round "8.23"]
[White "Zhu, Jiner"]
[Black "Tan, Zhongyi"]
[Result "1/2-1/2"]
[WhiteTitle "WIM"]
[BlackTitle "GM"]
[WhiteElo "2454"]
[BlackElo "2511"]
[WhiteFideId "8608059"]
[BlackFideId "8603642"]
[EventDate "2019.07.29"]

1. e4 e5 2. Nf3 Nc6 3. Bb5 Nf6 4. O-O Nxe4 5. d4 Nd6 6. dxe5 Nxb5 7. a4 Nbd4 8.
Nxd4 Nxd4 9. Qxd4 d5 10. exd6 Qxd6 11. Qe3+ Be6 12. Nc3 Qc6 13. Nb5 Bd6 14. Nd4
Qd7 15. Nf5 Kf8 16. Nxd6 Qxd6 17. Ra3 Re8 18. Rd3 Qb6 19. Qf4 h5 20. b3 Qc6 21.
Qb4+ Kg8 22. Rc3 Qb6 23. Qf4 c6 24. Rg3 Qc5 25. Bb2 Rh7 26. Re1 Qxc2 27. Qf6 Kf8
28. Rxg7 Rxg7 29. Qxg7+ Ke7 30. Qd4 c5 31. Ba3 b6 32. Rd1 f6 33. h3 Kf7 34. Qd6
Qxb3 35. Rd3 Qb1+ 36. Kh2 Qa1 37. f4 h4 38. a5 Bf5 39. Qd5+ Kg6 40. Re3 Rxe3 1/2-1/2

[Event "Belt and Road Hunan Op A"]
[Site "Changsha CHN"]
[Date "2019.08.05"]
[Round "8.24"]
[White "Adhiban, Baskaran"]
[Black "Zhao, Yuanhe"]
[Result "1/2-1/2"]
[WhiteTitle "GM"]
[WhiteElo "2665"]
[BlackElo "2448"]
[WhiteFideId "5018471"]
[BlackFideId "8609497"]
[EventDate "2019.07.29"]

1. e4 e5 2. Nf3 Nf6 3. Nxe5 d6 4. Nf3 Nxe4 5. Nc3 Nxc3 6. dxc3 Be7 7. Be3 Nc6 8.
Bd3 Be6 9. Qe2 Qd7 10. O-O-O O-O-O 11. Bb5 Bg4 12. Bxa7 Qe6 13. Qxe6+ fxe6 14.
Be3 Bxf3 15. gxf3 Ne5 16. Be2 Rdf8 17. Rdg1 g5 18. Bxg5 Bxg5+ 19. Rxg5 Nxf3 20.
Rg7 Ne5 21. Rf1 Rf6 22. a4 Rg6 23. Rg1 Rf8 24. R7xg6 Nxg6 25. f3 Rf5 26. Rg3 Rh5
27. h3 Rh4 28. b3 Ne7 29. Bf1 Rf4 30. Kd2 Nf5 31. Rg8+ Kd7 32. Rb8 Kc6 33. b4
Kb6 34. a5+ Ka7 35. Rc8 Rxf3 36. Be2 Rxh3 37. Rxc7 Kb8 38. Rf7 Rh2 39. Kd3 Rh3+
40. Kd2 Rh2 41. Rf8+ Ka7 42. b5 b6 43. Rf7+ Kb8 44. a6 Ng3 45. Rf8+ Ka7 46. Rf7+
Ka8 47. Rf8+ 1/2-1/2

[Event "Belt and Road Hunan Op A"]
[Site "Changsha CHN"]
[Date "2019.08.05"]
[Round "8.25"]
[White "Fang, Yan"]
[Black "Zhao, Zong-Yuan"]
[Result "0-1"]
[WhiteTitle "IM"]
[BlackTitle "GM"]
[WhiteElo "2424"]
[BlackElo "2529"]
[WhiteFideId "8604746"]
[BlackFideId "3202534"]
[EventDate "2019.07.29"]

1. d4 Nf6 2. g3 c5 3. c3 d5 4. Bg2 e6 5. Nf3 Be7 6. O-O O-O 7. dxc5 Bxc5 8. c4
Nc6 9. Nbd2 h6 10. cxd5 exd5 11. Nb3 Bb6 12. Nfd4 Re8 13. a4 Bg4 14. Bf4 Rc8 15.
h3 Bh5 16. g4 Bg6 17. e3 Ne5 18. a5 Bc7 19. a6 bxa6 20. Nf5 h5 21. Nbd4 hxg4 22.
Bxe5 Bxe5 23. hxg4 Qb6 24. g5 Ne4 25. f4 Bxf5 26. fxe5 Bg6 27. Qg4 Rcd8 28. e6
fxe6 29. Bxe4 dxe4 30. Rf2 Rxd4 31. exd4 Bf5 32. Qg3 Qxd4 33. Re1 Rd8 34. Qe3
Qb6 35. g6 Bxg6 36. Qg5 Rf8 37. Qe3 Bf5 38. Kg2 Rf6 39. Rc2 Rg6+ 40. Kf2 Rh6 41.
Qxb6 axb6 42. Ke3 Kf7 43. b4 Rh3+ 44. Kd4 Kf6 45. Rc6 Rd3+ 46. Kc4 b5+ 47. Kc5
Rc3+ 48. Kb6 Rxc6+ 49. Kxc6 Ke5 50. Kc5 g5 51. Ra1 e3 0-1

[Event "Belt and Road Hunan Op A"]
[Site "Changsha CHN"]
[Date "2019.08.05"]
[Round "8.26"]
[White "Xu, Zhihang"]
[Black "Gan-Erdene, Sugar"]
[Result "1-0"]
[WhiteTitle "IM"]
[WhiteElo "2501"]
[BlackElo "2408"]
[WhiteFideId "8611572"]
[BlackFideId "4902980"]
[EventDate "2019.07.29"]

1. d4 Nf6 2. c4 g6 3. Nc3 Bg7 4. e4 d6 5. Be2 O-O 6. Nf3 Na6 7. O-O e5 8. Be3
Ng4 9. Bg5 Qe8 10. Nd5 exd4 11. h3 f6 12. Bf4 d3 13. Qxd3 Ne5 14. Qd2 Qf7 15. b4
c6 16. Ne3 Nxf3+ 17. Bxf3 f5 18. exf5 Bxa1 19. Rxa1 Bxf5 20. b5 Nc5 21. bxc6 Be4
22. Bxd6 Bxf3 23. Bxc5 Rfd8 24. Qc3 Bxc6 25. Ng4 Qg7 26. Ne5 Rac8 27. Bd4 Qf8
28. Ng4 h5 29. Nf6+ Kf7 30. Rd1 Qd6 31. c5 Qe6 32. Re1 Qf5 33. Qe3 Re8 34. Nxe8
Rxe8 35. Be5 g5 36. Qd4 Re6 37. Re3 Kg6 38. f3 h4 39. Kh2 a6 40. a3 Re8 41. Re1
Re6 42. Qb2 Re8 43. Re3 Re6 44. Kg1 Re8 45. Qe2 Qb1+ 46. Kh2 Bb5 47. Qd2 Qf5 48.
Qd6+ Qe6 49. Qd4 Qf5 50. f4 Bc6 51. fxg5 Qxg5 52. Re2 Re6 53. Qd3+ Qf5 54. Qd8
Kh5 55. Qd1 Kg6 56. Qd4 Kh5 57. Qd8 Qf1 58. Rd2 Rg6 59. Qh8+ Rh6 60. Qg7 Rg6 61.
Qh7+ Rh6 62. Qc2 Rg6 63. Rf2 Be4 64. Qb2 Qd3 65. Bd6 Qd5 66. Qh8+ Rh6 67. Qe8+
Rg6 68. Re2 Bf5 69. Bf4 Qg8 70. Re5 1-0

[Event "Belt and Road Hunan Op A"]
[Site "Changsha CHN"]
[Date "2019.08.05"]
[Round "8.31"]
[White "Liu, Guanchu"]
[Black "Wang, Yiye"]
[Result "1/2-1/2"]
[WhiteTitle "IM"]
[BlackTitle "IM"]
[WhiteElo "2449"]
[BlackElo "2440"]
[WhiteFideId "8603901"]
[BlackFideId "8606021"]
[EventDate "2019.07.29"]

1. e4 e6 2. d4 d5 3. Nd2 dxe4 4. Nxe4 Bd7 5. Nf3 Bc6 6. Bd3 Nd7 7. c3 Ngf6 8.
Nxf6+ Nxf6 9. Bf4 Bd6 10. Ne5 Bxe5 11. Bxe5 h5 12. Qe2 Ng4 13. f3 Nxe5 14. Qxe5
Qh4+ 15. g3 Qf6 16. Qxf6 gxf6 17. Be4 Bxe4 18. fxe4 Ke7 19. O-O Rag8 20. Rae1 h4 1/2-1/2

[Event "Belt and Road Hunan Op A"]
[Site "Changsha CHN"]
[Date "2019.08.05"]
[Round "8.34"]
[White "Xu, Jun"]
[Black "Batsiashvili, Nino"]
[Result "1-0"]
[WhiteTitle "GM"]
[BlackTitle "GM"]
[WhiteElo "2477"]
[BlackElo "2433"]
[WhiteFideId "8600031"]
[BlackFideId "13602993"]
[EventDate "2019.07.29"]

1. d4 Nf6 2. c4 e6 3. Nf3 b6 4. a3 Bb7 5. Nc3 Ne4 6. Nxe4 Bxe4 7. Nd2 Bg6 8. g3
Nc6 9. e3 e5 10. d5 Na5 11. b4 Nb7 12. Bb2 Bd6 13. Bg2 a5 14. Bc3 O-O 15. O-O
Qe7 16. Ne4 Bxe4 17. Bxe4 f5 18. Bg2 e4 19. Qb3 Be5 20. f3 exf3 21. Bxf3 d6 22.
Bg2 Qf6 23. Rac1 axb4 24. axb4 Bxc3 25. Qxc3 Qxc3 26. Rxc3 Ra4 27. Rb3 g6 28. h4
Rfa8 29. e4 fxe4 30. Bxe4 Ra3 31. Rbf3 Rxf3 32. Bxf3 Ra3 33. Kg2 Nd8 34. Bg4 Rc3
35. Rf4 Re3 36. h5 g5 37. Rf1 Re4 38. Kh3 Rxc4 39. h6 Re4 40. Bh5 Re5 41. Ra1
Kf8 42. Ra8 Ke7 43. Rc8 g4+ 44. Kh4 Rxd5 45. Rxc7+ Kf6 46. Rxh7 Rd2 47. Rd7 Nc6
48. Rf7+ Ke6 49. h7 Ne5 50. Rf8 Rh2+ 51. Kg5 1-0

[Event "Belt and Road Hunan Op A"]
[Site "Changsha CHN"]
[Date "2019.08.06"]
[Round "9.1"]
[White "Ganguly, Surya Shekhar"]
[Black "Vallejo Pons, Francisco"]
[Result "1/2-1/2"]
[WhiteTitle "GM"]
[BlackTitle "GM"]
[WhiteElo "2638"]
[BlackElo "2687"]
[WhiteFideId "5002150"]
[BlackFideId "2205530"]
[EventDate "2019.07.29"]

1. e4 c5 2. Nf3 d6 3. d4 cxd4 4. Nxd4 Nf6 5. Nc3 a6 6. Be3 Ng4 7. Bc1 Nf6 8. Be3
e6 9. Be2 Nbd7 10. a4 b6 11. O-O Bb7 12. f3 Be7 13. Qe1 Qc7 14. Qf2 O-O 15. Rfd1
Rfc8 16. Nb3 h6 17. Kh1 d5 18. exd5 Bxd5 19. Nxd5 Nxd5 20. c3 Nxe3 21. Qxe3 Nf6
22. Bd3 Rd8 23. Bc2 h5 24. g3 Rxd1+ 25. Rxd1 b5 26. axb5 axb5 27. Ra1 Rxa1+ 28.
Nxa1 h4 29. gxh4 Qc4 30. Bd3 Qxh4 31. Nc2 Bd6 32. Qd2 Qh5 33. Nd4 Be5 34. Qf2 g6
35. Be2 Bxd4 36. Qxd4 Kg7 1/2-1/2

[Event "Belt and Road Hunan Op A"]
[Site "Changsha CHN"]
[Date "2019.08.06"]
[Round "9.7"]
[White "Cheparinov, Ivan"]
[Black "Zeng, Chongsheng"]
[Result "1-0"]
[WhiteTitle "GM"]
[BlackTitle "GM"]
[WhiteElo "2666"]
[BlackElo "2551"]
[WhiteFideId "2905540"]
[BlackFideId "8603847"]
[EventDate "2019.07.29"]

1. Nf3 Nf6 2. c4 g6 3. Nc3 d5 4. cxd5 Nxd5 5. Qb3 Nb6 6. d4 Bg7 7. e4 O-O 8. Be3
Bg4 9. Rd1 Nc6 10. d5 Ne5 11. Be2 Nxf3+ 12. gxf3 Bh5 13. Rg1 c6 14. dxc6 Qc7 15.
cxb7 Rab8 16. Rg3 Rxb7 17. Kf1 Rd8 18. Rxd8+ Qxd8 19. Nd5 Be5 20. Nf4 Bxf4 21.
Bxf4 Qd4 22. Qb5 Rd7 23. Qxh5 Qxb2 24. Qe5 Qxa2 25. Bh6 1-0

[Event "Belt and Road Hunan Op A"]
[Site "Changsha CHN"]
[Date "2019.08.06"]
[Round "9.8"]
[White "Zhou, Jianchao"]
[Black "Nguyen, Ngoc Truong Son"]
[Result "1/2-1/2"]
[WhiteTitle "GM"]
[BlackTitle "GM"]
[WhiteElo "2608"]
[BlackElo "2636"]
[WhiteFideId "8603537"]
[BlackFideId "12401110"]
[EventDate "2019.07.29"]

1. d4 Nf6 2. c4 e6 3. Nf3 d5 4. Nc3 Be7 5. Bf4 O-O 6. e3 Nbd7 7. c5 c6 8. h3 b6
9. b4 a5 10. a3 h6 11. Bd3 Ba6 12. Bxa6 Rxa6 13. O-O Qc8 14. Qc2 Qb7 15. Rab1
axb4 16. axb4 Ra3 17. Rfc1 Rfa8 18. Nd2 bxc5 19. bxc5 Qa6 20. Nb3 Qc4 21. Nd2
Qa6 22. Nb3 Qc4 23. Nd2 Qa6 1/2-1/2